30 Biggest Cities in North Korea - Statistics

General Stats
  • This quiz has been taken 167 times
  • The average score is 11 of 30
Answer Stats
Rank Population Answer % Correct
1 2,521,785 Pyongyang
100%
2 703,610 Hamhung
80%
5 328,467 Wonsan
70%
3 614,892 Chongjin
64%
6 310,531 Nampo
63%
15 192,578 Kaesong
58%
4 334,031 Sinuiju
58%
7 271,434 Sariwon
53%
18 158,337 Rason
52%
9 251,971 Kanggye
47%
16 174,015 Hyesan
43%
13 236,583 Pyongsong
42%
11 241,599 Haeju
41%
8 262,389 Kaechon
35%
17 167,646 Anju
31%
12 240,873 Tanchon
31%
19 155,284 Kimchaek
28%
29 82,631 Manpo
27%
10 250,738 Sunchon
26%
22 130,951 Sinpo
25%
24 102,659 Chongju
23%
20 155,181 Kusong
22%
14 210,571 Tokchon
21%
28 92,494 Hoeryong
20%
26 95,878 Songnim
20%
27 92,525 Munchon
19%
25 102,436 Chollima
15%
21 136,093 Huichon
15%
23 119,848 Kangso
10%
30 66,261 Taean
9%
No matching quizzes found
Score Distribution
Percent of People with Each Score
Percentile by Number Answered
Your Score History
You have not taken this quiz